Muerte y resurrección de la cultura católica.

Guardado en:
Detalles Bibliográficos
Autor principal: Zaid, Gabriel (autor)
Formato: Libro
Idioma:Español
Colección:(Colección diálogo y autocrítica, 23)
Etiquetas: Agrega una etiqueta
Sin etiquetas, Sé el primero en etiquetar este registro!

MARC

LEADER 00000nam^a2200000^u^4500
001 000524059
005 20250625000000.0
008 121025s1000^^^^^^^^^^^^r^^^^^000^0^spa^d
009 20260310130618.716
035 |a FCE 000068301 
037 |a Acervo ITESO - Biblioteca 
041 |a spa 
082 0 4 |a 282  |b ZAIm 
100 |a Zaid, Gabriel  |e (autor) 
245 1 0 |a Muerte y resurrección de la cultura católica. 
264 |a México :  |b Instituto Mexicano de Doctrina Social Cristiana,  |c 1992. 
300 |a 50 p. 
336 |a texto  |b txt  |2 rdacontenido 
337 |a sin mediación  |b n  |2 rdamedio 
338 |a volumen  |b nc  |2 rdasoporte 
440 1 |a (Colección diálogo y autocrítica, 23) 
596 |a Catolicismo 
596 |a Historia 
596 |a México 
649 |a XX 
910 |a Fondo Centro de Estudios Educativos 
920 |a Impresos - Libros 
930 |a Fondos Especiales 
905 |a 133 
901 |a ALE073496  |b IT2  |c CEE  |u 20250521 
902 |a https://opac.biblio.iteso.mx/vufind/Record/000524059